[Event "SRB-chT 2nd League"]
[Site "Vrnjacka Banja"]
[Date "2022.11.09"]
[Round "8.1"]
[White "Levnajic, Pavle"]
[Black "Tokovic, Svetozar"]
[Result "1-0"]
[WhiteElo "2156"]
[BlackElo "2159"]
[PlyCount "59"]
[EventDate "2022.11.04"]
[EventType "team-tourn"]
[EventRounds "11"]
[EventCountry "SRB"]
[SourceTitle "CBM 211 Extra"]
[Source "ChessBase"]
[SourceDate "2023.01.31"]
[SourceVersion "1"]
[SourceVersionDate "2023.01.31"]
[SourceQuality "1"]
[WhiteTeam "Krajisnik Krajina"]
[BlackTeam "Sombor"]
[WhiteTeamCountry "SRB"]
[BlackTeamCountry "SRB"]

1. d4 Nf6 2. Nf3 e6 3. g3 b6 4. Bg2 Bb7 5. 0-0 c5 6. c4 cxd4 7. Qxd4 Nc6 8. Qf4 Qb8 9. Nc3 Qxf4 10. Bxf4 Nh5 11. Be3 0-0-0 12. Rfd1 h6 13. Rac1 Nf6 14. Bf4 Bc5 15. a3 g5 16. Be5 Bxf2+ 17. Kf1 Nxe5 18. Nxe5 Be3 19. Rc2 Rhf8 20. Nb5 Bxg2+ 21. Kxg2 Bc5 22. b4 Be7 23. Nxa7+ Kb7 24. Nb5 d6 25. Nf3 Ng4 26. Rc3 Ne5 27. Nxe5 dxe5 28. Rcd3 Kc6 29. Na7+ Kb7 30. Rd7+ 1-0

[Event "Vojvodina-chT 21st"]
[Site "Backa Palanka"]
[Date "2021.10.24"]
[Round "2.5"]
[White "Tokovic, Svetozar"]
[Black "Stanojevic, Ilija"]
[Result "0-1"]
[WhiteElo "2188"]
[BlackElo "2175"]
[PlyCount "86"]
[EventDate "2021.10.23"]
[EventType "team-tourn"]
[EventRounds "11"]
[EventCountry "SRB"]
[SourceTitle "CBM 204 Extra"]
[Source "ChessBase"]
[SourceDate "2021.11.30"]
[SourceVersion "1"]
[SourceVersionDate "2021.11.30"]
[SourceQuality "1"]
[WhiteTeam "Sombor"]
[BlackTeam "Opovo Bata Cosic"]
[WhiteTeamCountry "SRB"]
[BlackTeamCountry "SRB"]

1. Nf3 d5 2. g3 Nf6 3. Bg2 g6 4. 0-0 Bg7 5. d4 0-0 6. c4 dxc4 7. Qa4 a6 8. Qxc4 b5 9. Qc2 Bb7 10. Nc3 Nc6 11. Rd1 Nb4 12. Qb3 Nbd5 13. a4 Nxc3 14. Qxc3 Be4 15. axb5 axb5 16. Rxa8 Qxa8 17. Ne1 Bxg2 18. Nxg2 Ne4 19. Qc2 Rd8 20. e3 e5 21. dxe5 Rxd1+ 22. Qxd1 Bxe5 23. f3 Nc5 24. e4 Qa1 25. Ne3 Nd3 26. Qxd3 Qxc1+ 27. Kg2 Qxb2+ 28. Kh3 Bd4 29. Nc2 c5 30. Nxd4 cxd4 31. e5 Qb4 32. Qe4 Qc5 33. g4 b4 34. e6 fxe6 35. Qxe6+ Kg7 36. Qd7+ Kf6 37. Qd8+ Ke6 38. Qe8+ Kd6 39. f4 Qc3+ 40. Kh4 Qe3 41. Qd8+ Kc5 42. f5 gxf5 43. gxf5 Qf4+ 0-1

[Event "Vojvodina-chT"]
[Site "Kovacica"]
[Date "2019.11.01"]
[Round "1.5"]
[White "Muskinja, Luka"]
[Black "Tokovic, Svetozar"]
[Result "0-1"]
[WhiteElo "1810"]
[BlackElo "2227"]
[PlyCount "154"]
[EventDate "2019.11.01"]
[EventType "team-tourn"]
[EventRounds "11"]
[EventCountry "SRB"]
[SourceTitle "CBM 192 Extra"]
[Source "Chessbase"]
[SourceDate "2019.11.06"]
[SourceVersion "1"]
[SourceVersionDate "2019.11.06"]
[SourceQuality "1"]
[WhiteTeam "Indija Sloga"]
[BlackTeam "Sombor"]
[WhiteTeamCountry "SRB"]
[BlackTeamCountry "SRB"]

1. Nf3 Nf6 2. b3 c5 3. e3 a6 4. c4 Nc6 5. Bb2 d5 6. d4 e6 7. a3 dxc4 8. bxc4 Qb6 9. Qc2 Be7 10. Bd3 h6 11. 0-0 0-0 12. Nbd2 Rd8 13. Rab1 cxd4 14. exd4 Qc7 15. Rbd1 b6 16. Ne4 Na5 17. Ne5 Bb7 18. Nxf6+ Bxf6 19. f4 Rac8 20. Qf2 Qe7 21. f5 Bxe5 22. dxe5 exf5 23. Qxf5 g6 24. Qf4 Qe6 25. Qxh6 Qg4 26. g3 Qh5 27. Qf4 Rf8 28. Qf6 Qh3 29. Rf2 Qe6 30. Qg5 Qc6 31. Kf1 Nxc4 32. Bd4 Rcd8 33. Qf4 Qd5 34. Bf5 Qc6 35. Bh3 Qe4 36. Qxe4 Bxe4 37. Ke2 Rfe8 38. Rf4 Bd5 39. Kf2 Nxe5 40. Bxb6 Rb8 41. Rxd5 Rxb6 42. Rb4 Rf6+ 43. Rf4 Rc6 44. Rd2 Rc3 45. Ra4 Rc6 46. Bd7 Rf6+ 47. Kg2 Rd8 48. Rad4 Nf3 49. Rf2 Nxd4 50. Rxf6 Rxd7 51. Rxa6 Rb7 52. h4 Rb3 53. g4 Ne6 54. Ra8+ Kg7 55. a4 Ra3 56. a5 Nc5 57. h5 gxh5 58. gxh5 f5 59. Ra7+ Kh6 60. Rf7 Kg5 61. h6 Rxa5 62. h7 Ra8 63. Rg7+ Kh6 64. Rf7 Kg6 65. Rc7 Ne6 66. Rb7 Rh8 67. Rb6 Kf6 68. Rb7 Ng5 69. Rb6+ Kg7 70. Rb7+ Kg6 71. Kg3 Nxh7 72. Kf4 Nf6 73. Rb6 Rh4+ 74. Ke5 Re4+ 75. Kd6 Kg5 76. Rb1 f4 77. Rg1+ Kf5 0-1

[Event "HUN-chT 1819"]
[Site "Hungary"]
[Date "2019.01.27"]
[Round "4.5"]
[White "Tokovic, Svetozar"]
[Black "Tompa, Janos"]
[Result "1/2-1/2"]
[WhiteElo "2238"]
[BlackElo "2366"]
[PlyCount "74"]
[EventDate "2018.11.17"]
[EventType "team-tourn"]
[EventRounds "9"]
[EventCountry "HUN"]
[SourceTitle "CBM 188 Extra"]
[Source "ChessBase"]
[SourceDate "2019.02.26"]
[SourceVersion "1"]
[SourceVersionDate "2019.02.26"]
[SourceQuality "1"]
[WhiteTeam "Maroczy"]
[BlackTeam "Dunaharaszti"]
[WhiteTeamCountry "HUN"]
[BlackTeamCountry "HUN"]

1. Nf3 Nf6 2. g3 d5 3. Bg2 c6 4. 0-0 Bg4 5. d3 Nbd7 6. Nbd2 e6 7. e4 Bd6 8. Qe1 Qc7 9. d4 Bxf3 10. Bxf3 dxe4 11. Nxe4 Nxe4 12. Qxe4 Nf6 13. Qe2 h6 14. b3 0-0 15. Bb2 a5 16. c4 a4 17. d5 cxd5 18. Bxf6 gxf6 19. cxd5 axb3 20. axb3 Rxa1 21. Rxa1 Qc3 22. Rd1 e5 23. Be4 Ra8 24. Qg4+ Kf8 25. Qh4 Kg7 26. Kg2 Ra2 27. Rd3 Qc1 28. Rf3 Qg5 29. Qh3 Bc5 30. Qc8 Bxf2 31. Rxf2 Rxf2+ 32. Kxf2 Qd2+ 33. Kf3 Qd1+ 34. Kf2 Qd2+ 35. Kf3 Qd1+ 36. Ke3 Qd4+ 37. Kf3 Qd1+ 1/2-1/2

[Event "HUN-chT 1819"]
[Site "Hungary"]
[Date "2018.12.02"]
[Round "3.2"]
[White "Madl, Ildiko"]
[Black "Tokovic, Svetozar"]
[Result "1-0"]
[WhiteElo "2308"]
[BlackElo "2238"]
[PlyCount "79"]
[EventDate "2018.11.17"]
[EventType "team-tourn"]
[EventRounds "9"]
[EventCountry "HUN"]
[SourceTitle "CBM 187 Extra"]
[Source "ChessBase"]
[SourceDate "2018.11.04"]
[SourceVersion "1"]
[SourceVersionDate "2018.11.04"]
[SourceQuality "1"]
[WhiteTeam "Csuti Hydro"]
[BlackTeam "Maroczy"]
[WhiteTeamCountry "HUN"]
[BlackTeamCountry "HUN"]

1. e4 c5 2. Nf3 d6 3. d4 cxd4 4. Qxd4 a6 5. h3 Nc6 6. Qe3 g6 7. Be2 Bg7 8. 0-0 Nf6 9. c4 0-0 10. Nc3 Qc7 11. Bd2 e6 12. Rac1 Rd8 13. Rfd1 Ne5 14. Na4 Nfd7 15. Bb4 Nxf3+ 16. Bxf3 Ne5 17. Be2 Nc6 18. Bc3 e5 19. Nb6 Rb8 20. Nd5 Qd7 21. b4 Qe8 22. b5 Nd4 23. Ba5 b6 24. Bxb6 Rd7 25. Bg4 f5 26. exf5 gxf5 27. Rxd4 Qf8 28. Bxf5 Qxf5 29. Rg4 Bb7 30. bxa6 Bxa6 31. a4 Rc8 32. a5 Qf7 33. Qe4 Bb7 34. Be3 Ra8 35. Bh6 Qe6 36. Bxg7 Rxg7 37. Nf6+ Qxf6 38. Qxb7 Rxa5 39. Qc8+ Qf8 40. Rxg7+ 1-0

[Event "HUN-chT2 Maroczy 1718"]
[Site "Hungary"]
[Date "2017.12.03"]
[Round "3.9"]
[White "Tokovic, Svetozar"]
[Black "Fekete, Albert"]
[Result "1-0"]
[WhiteElo "2246"]
[BlackElo "2197"]
[PlyCount "91"]
[EventDate "2017.10.29"]
[EventType "team-tourn"]
[EventRounds "9"]
[EventCountry "HUN"]
[SourceTitle "EXT 2021"]
[Source "ChessBase"]
[SourceDate "2020.10.23"]
[SourceVersion "1"]
[SourceVersionDate "2020.10.23"]
[SourceQuality "1"]
[WhiteTeam "Szeged Maroczy"]
[BlackTeam "Kisujszallas"]
[WhiteTeamCountry "HUN"]
[BlackTeamCountry "HUN"]

1. Nf3 c5 2. e4 Nc6 3. Bb5 Nd4 4. Nxd4 cxd4 5. 0-0 g6 6. d3 Bg7 7. f4 Qc7 8. Bc4 e6 9. Nd2 Ne7 10. Qe1 a6 11. f5 Nc6 12. f6 Bf8 13. Nf3 Ne5 14. Nxe5 Qxe5 15. Qh4 h6 16. Bd2 g5 17. Qh5 Rg8 18. Bf4 Qc5 19. Bg3 Rg6 20. Rae1 d6 21. e5 Bd7 22. exd6 0-0-0 23. Bxe6 Bxe6 24. Rxe6 Bxd6 25. Bxd6 Rxd6 26. Re8+ Rd8 27. Qg4+ Kc7 28. Re7+ Kb8 29. Qe4 Qd5 30. Qxd5 Rxd5 31. Rxf7 Rd6 32. Rf8+ Ka7 33. f7 Rgf6 34. c4 dxc3 35. bxc3 Kb6 36. Rf2 Ka7 37. Kf1 h5 38. Rxf6 Rxf6+ 39. Ke2 g4 40. Ke3 h4 41. Ke4 g3 42. hxg3 hxg3 43. Ke5 Rf2 44. Ke6 Rxg2 45. Rg8 Re2+ 46. Kd7 1-0

[Event "Vojvodina-chT"]
[Site "Novi Sad"]
[Date "2017.11.16"]
[Round "5.5"]
[White "Kumic, Filip"]
[Black "Tokovic, Svetozar"]
[Result "0-1"]
[WhiteElo "2265"]
[BlackElo "2257"]
[PlyCount "118"]
[EventDate "2017.11.13"]
[EventType "team-tourn"]
[EventRounds "11"]
[EventCountry "SRB"]
[SourceTitle "CBM 181 Extra"]
[Source "ChessBase"]
[SourceDate "2017.12.12"]
[SourceVersion "1"]
[SourceVersionDate "2017.12.12"]
[SourceQuality "1"]
[WhiteTeam "Subotica Spartak"]
[BlackTeam "Sombor"]
[WhiteTeamCountry "SRB"]
[BlackTeamCountry "SRB"]

1. Nf3 Nf6 2. c4 e6 3. Nc3 Bb4 4. g4 h6 5. Qc2 b6 6. a3 Bxc3 7. Qxc3 Bb7 8. Rg1 d5 9. cxd5 Bxd5 10. h4 Kf8 11. b4 Ne4 12. Qc2 Nd6 13. Bg2 Nd7 14. d3 c5 15. Bf4 Qe7 16. Qb2 Rc8 17. Rc1 Re8 18. Ne5 Bxg2 19. Nxd7+ Qxd7 20. Rxg2 Nb7 21. bxc5 Nxc5 22. d4 Qd5 23. f3 Nb3 24. Rd1 Rc8 25. Rd3 Na5 26. e4 Qc4 27. Rgd2 f6 28. e5 Kf7 29. exf6 gxf6 30. h5 Qd5 31. Qb1 Nc4 32. Re2 f5 33. Kf2 Rcg8 34. Be3 Rh7 35. gxf5 exf5 36. Rc3 Rg5 37. Qb3 b5 38. a4 a6 39. axb5 axb5 40. Ra2 Kg8 41. Ra5 Rb7 42. Ra8+ Kf7 43. Rh8 Rd7 44. Rh7+ Ke8 45. Rh8+ Kf7 46. Qb4 Rg8 47. Rh7+ Ke8 48. Rxd7 Kxd7 49. Qb1 Rg5 50. Qa2 Qb7 51. Bf4 Rg8 52. Qb1 Qd5 53. Rd3 Ra8 54. Be5 Ke6 55. Qb3 Ra3 56. Qd1 Rxd3 57. Qxd3 Nxe5 58. Qe3 f4 59. Qxf4 Nd3+ 0-1

[Event "Vojvodina-chT"]
[Site "Kac"]
[Date "2016.11.19"]
[Round "7.4"]
[White "Tokovic, Svetozar"]
[Black "Jesenski, Tibor"]
[Result "1/2-1/2"]
[WhiteElo "2258"]
[BlackElo "2345"]
[PlyCount "26"]
[EventDate "2016.11.15"]
[EventType "team-tourn"]
[EventRounds "11"]
[EventCountry "SRB"]
[SourceTitle "CBM 175 Extra"]
[Source "ChessBase"]
[SourceDate "2016.12.12"]
[SourceVersion "1"]
[SourceVersionDate "2016.12.12"]
[SourceQuality "1"]
[WhiteTeam "Sombor"]
[BlackTeam "Backa Pacir"]
[WhiteTeamCountry "SRB"]
[BlackTeamCountry "SRB"]

1. e4 e5 2. Nf3 Nc6 3. Bb5 a6 4. Ba4 Nf6 5. 0-0 Be7 6. Re1 b5 7. Bb3 d6 8. c3 0-0 9. h3 Na5 10. Bc2 c5 11. d4 Qc7 12. Nbd2 Re8 13. Nf1 Bd7 1/2-1/2

[Event "Vojvodina-chT"]
[Site "Kac"]
[Date "2016.11.18"]
[Round "5.4"]
[White "Tokovic, Svetozar"]
[Black "Rajin, Milan"]
[Result "1-0"]
[WhiteElo "2258"]
[BlackElo "1995"]
[PlyCount "133"]
[EventDate "2016.11.15"]
[EventType "team-tourn"]
[EventRounds "11"]
[EventCountry "SRB"]
[SourceTitle "CBM 175 Extra"]
[Source "ChessBase"]
[SourceDate "2016.12.12"]
[SourceVersion "1"]
[SourceVersionDate "2016.12.12"]
[SourceQuality "1"]
[WhiteTeam "Sombor"]
[BlackTeam "Bora Ivkov"]
[WhiteTeamCountry "SRB"]
[BlackTeamCountry "SRB"]

1. Nf3 e6 2. g3 d6 3. Bg2 g6 4. 0-0 Bg7 5. c4 Ne7 6. Nc3 0-0 7. Qc2 Nbc6 8. Rb1 e5 9. b4 Bf5 10. d3 Qc8 11. b5 Nd8 12. Nd5 Re8 13. e4 Bg4 14. Bg5 Nxd5 15. cxd5 h6 16. Be3 b6 17. Qd2 Kh7 18. Rfc1 Nb7 19. h3 Bd7 20. Kh2 Nc5 21. Qc2 Qb7 22. Nd2 a6 23. Bxc5 bxc5 24. b6 cxb6 25. Nc4 Qc7 26. Rxb6 Bf8 27. Rcb1 Reb8 28. a4 Rxb6 29. Nxb6 Ra7 30. Nxd7 Qxd7 31. Rb8 Be7 32. Qb3 Bd8 33. h4 Ba5 34. Bh3 Qc7 35. h5 Bb4 36. hxg6+ fxg6 37. Rc8 Qf7 38. Kg2 Rb7 39. Be6 Qf6 40. Rc6 a5 41. Qd1 Qf8 42. Qg4 Be1 43. f3 Qe7 44. f4 h5 45. Qf3 h4 46. gxh4 Qxh4 47. Qh3 Rb3 48. Qxh4+ Bxh4 49. fxe5 dxe5 50. d6 Rxd3 51. d7 Kg7 52. Bd5 Ra3 53. Rc8 Rxa4 54. d8Q Bxd8 55. Rxd8 Rd4 56. Rc8 c4 57. Ra8 c3 58. Rxa5 Rd3 59. Rc5 Kh6 60. Bc6 Kg5 61. Rxe5+ Kf4 62. Rc5 Ke3 63. e5 Kd2 64. Be4 Re3 65. Bxg6 Kc1 66. Kf2 Rh3 67. e6 1-0

[Event "Vojvodina-chT"]
[Site "Kac"]
[Date "2016.11.16"]
[Round "2.4"]
[White "Tokovic, Svetozar"]
[Black "Zegarac, Vuk"]
[Result "1/2-1/2"]
[WhiteElo "2258"]
[BlackElo "2233"]
[PlyCount "38"]
[EventDate "2016.11.15"]
[EventType "team-tourn"]
[EventRounds "11"]
[EventCountry "SRB"]
[SourceTitle "CBM 175 Extra"]
[Source "ChessBase"]
[SourceDate "2016.12.12"]
[SourceVersion "1"]
[SourceVersionDate "2016.12.12"]
[SourceQuality "1"]
[WhiteTeam "Sombor"]
[BlackTeam "Banovci Dunav"]
[WhiteTeamCountry "SRB"]
[BlackTeamCountry "SRB"]

1. Nf3 d5 2. c4 c6 3. g3 Nf6 4. Bg2 e6 5. Qc2 Bd6 6. d4 0-0 7. 0-0 Ne4 8. Nc3 f5 9. Ne5 Nd7 10. Nxd7 Bxd7 11. Nxe4 fxe4 12. Be3 Be8 13. f3 exf3 14. Rxf3 Bg6 15. Qc3 Qe7 16. Raf1 Bh5 17. Rxf8+ Rxf8 18. Bf3 Bg6 19. a3 a6 1/2-1/2

[Event "Vojvodina-chT"]
[Site "Kac"]
[Date "2014.11.11"]
[Round "5.3"]
[White "Cvetkovic, Slavko"]
[Black "Tokovic, Svetozar"]
[Result "1/2-1/2"]
[WhiteElo "2217"]
[BlackElo "2235"]
[PlyCount "100"]
[EventDate "2014.11.08"]
[EventType "team-tourn"]
[EventRounds "11"]
[EventCountry "SRB"]
[SourceTitle "EXT 2017"]
[Source "ChessBase"]
[SourceDate "2016.10.25"]
[SourceVersion "1"]
[SourceVersionDate "2016.10.25"]
[SourceQuality "1"]

1. d4 Nf6 2. Nf3 e6 3. c3 b6 4. Bf4 Bb7 5. e3 Be7 6. h3 0-0 7. Be2 d6 8. 0-0 Nbd7 9. Bh2 h6 10. Nbd2 Ne4 11. Nxe4 Bxe4 12. Nd2 Bb7 13. Bf3 Bxf3 14. Qxf3 d5 15. e4 dxe4 16. Nxe4 Nf6 17. Nxf6+ Bxf6 18. Rad1 Qd7 19. Bf4 Be7 20. Rfe1 Bd6 21. Bc1 Qb5 22. Qe4 Qd5 23. Qb1 c5 24. dxc5 Qxc5 25. Be3 Qc6 26. Rd3 Rad8 27. Red1 Be7 28. Rxd8 Rxd8 29. Rxd8+ Bxd8 30. Qd3 Bf6 31. a3 Qa4 32. g3 Qc6 33. Bd2 Qa4 34. Bc1 Qb3 35. Kg2 Qa4 36. h4 Qc6+ 37. Qf3 Qd7 38. Qa8+ Kh7 39. Qe4+ g6 40. Qf3 Bg7 41. h5 g5 42. g4 f5 43. Be3 b5 44. Qa8 a5 45. Qf3 a4 46. Qa8 Qd3 47. Qb7 e5 48. gxf5 Qxf5 49. Qf3 Qd7 50. Qe4+ Kg8 1/2-1/2

[Event "Vojvodina-chT"]
[Site "Kac"]
[Date "2014.11.11"]
[Round "6.4"]
[White "Mastrapovic, Vladimir"]
[Black "Tokovic, Svetozar"]
[Result "1-0"]
[WhiteElo "2274"]
[BlackElo "2235"]
[PlyCount "57"]
[EventDate "2014.11.08"]
[EventType "team-tourn"]
[EventRounds "11"]
[EventCountry "SRB"]
[SourceTitle "EXT 2017"]
[Source "ChessBase"]
[SourceDate "2016.10.25"]
[SourceVersion "1"]
[SourceVersionDate "2016.10.25"]
[SourceQuality "1"]

1. e4 c5 2. Nf3 e6 3. d4 cxd4 4. Nxd4 Nc6 5. Nc3 Qc7 6. Be3 a6 7. Qd2 Nf6 8. f3 Be7 9. 0-0-0 b5 10. g4 Bb7 11. g5 Nh5 12. Nb3 d6 13. f4 g6 14. Be2 Ng7 15. h4 Na5 16. Nxa5 Qxa5 17. Bd4 b4 18. Bxg7 Rg8 19. Qd4 bxc3 20. Kb1 cxb2 21. Bf6 Qc5 22. Rh3 Rc8 23. Qa4+ Bc6 24. Qxa6 Ra8 25. Bd4 Rxa6 26. Bxc5 Ra4 27. Bxd6 Bxd6 28. Rxd6 Bxe4 29. Bb5+ 1-0

[Event "Vojvodina-chT"]
[Site "Kac"]
[Date "2014.11.09"]
[Round "3.2"]
[White "Tokovic, Svetozar"]
[Black "Vukovic, Miroslav R"]
[Result "1-0"]
[WhiteElo "2235"]
[BlackElo "2183"]
[PlyCount "89"]
[EventDate "2014.11.08"]
[EventType "team-tourn"]
[EventRounds "11"]
[EventCountry "SRB"]
[SourceTitle "EXT 2017"]
[Source "ChessBase"]
[SourceDate "2016.10.25"]
[SourceVersion "1"]
[SourceVersionDate "2016.10.25"]
[SourceQuality "1"]

1. e4 c6 2. d3 d5 3. Nd2 e5 4. Ngf3 Bd6 5. d4 Qe7 6. dxe5 Bxe5 7. Qe2 dxe4 8. Nxe4 Bg4 9. h3 Bxf3 10. Qxf3 Nf6 11. Bd3 Nbd7 12. 0-0 Nxe4 13. Bxe4 0-0 14. c3 Rfe8 15. Bc2 Bc7 16. Bf4 Bxf4 17. Qxf4 Nf6 18. Rad1 Nd5 19. Qd2 Qe2 20. Rfe1 Qxd2 21. Rxe8+ Rxe8 22. Rxd2 g6 23. Bb3 Nf6 24. Kf1 Kg7 25. f3 Re7 26. Kf2 Nd7 27. Rd6 Nc5 28. Bc2 Rd7 29. Rxd7 Nxd7 30. Ke3 Kf6 31. f4 Ke7 32. g4 f6 33. h4 Kf7 34. b4 h6 35. Ke4 Nb6 36. a4 Nc8 37. Kd4 g5 38. hxg5 hxg5 39. fxg5 fxg5 40. Kc5 Ne7 41. Be4 Nc8 42. a5 Ke7 43. a6 bxa6 44. Bxc6 Nd6 45. Bd5 1-0